| 000 | 00330 a2200133 4500 | ||
|---|---|---|---|
| 040 |
_aDLC _bDLC |
||
| 082 | _a809 | ||
| 100 | _aMehreen Arif | ||
| 245 |
_aHarf Hawalay Shukhn Ujalay _cMehreen Arif |
||
| 260 |
_a Lahore: _bAleena Publishers, _c1990. |
||
| 300 |
_a192 p. ; _c 22 cm. |
||
| 650 | _aCriticism. | ||
| 942 |
_cBK _k809 MEH _2ddc |
||
| 999 |
_c6943 _d6943 |
||